| 000 | 00768nam a22002537a 4500 | ||
|---|---|---|---|
| 003 | OSt | ||
| 005 | 20220107122844.0 | ||
| 008 | 180904b xxu||||| |||| 00| 0 eng d | ||
| 020 | _a9781119240761 | ||
| 040 | _cIIITMK | ||
| 082 | _a006.312 HUG/S | ||
| 100 |
_aMartin Hughes, Troy _914718 |
||
| 245 |
_aSAS data analytic development: _bDimensions of software quality _cTroy Martin Hughes |
||
| 260 |
_aNew Jersey, _bWiley, _c2016. |
||
| 300 | _axvii, 606p. | ||
| 650 |
_aCOMPUTER SCIENCE _914797 |
||
| 650 |
_aDATA ANALYTICS _914798 |
||
| 650 |
_aSOFTWARE QUALITY _914799 |
||
| 650 |
_aDATA ANALYTIC DEVELOPMENT _914927 |
||
| 650 |
_aSAS SOFTWARE _914928 |
||
| 650 |
_aSAS DATA ANALYTICS _914929 |
||
| 650 |
_aSTATISTICAL ANALYSIS SYSTEM _914930 |
||
| 942 |
_2ddc _cBK |
||
| 999 |
_c6202 _d6202 |
||